000 00522nam a2200181Ia 4500
005 20250508151435.0
008 008 250505s9999 xx 000 0 eng d
037 _aTextual
040 _aFEDL
_beng
_cFEDL
041 _aeng
_2eng
084 _a891.442, TAG
_qFEDL
100 _aTagore Rabindranath
245 0 _aThree plays: Mukta-dhara Tatir Puja Chandalika
260 _aLondon, UK
_bOxford University Press
_c1950
300 _a179p.
942 _cTEXL
_h891.442, TAG
999 _c1329815
_d1329815